Wind effects on a footbridge

Bibliographic Details
Main Authors: Pirner, Miroš, 1928- (Author), Pospíšil, S. (Author), Urushadze, S. (Author)
Format: Article
Language:Slovak
English
PhysicalDescription:Obr., tab.
Subjects:

MARC

LEADER 00000nab a2200000 a 4500
001 vtls000659279
003 SK-MaSNL
005 20260304092313.0
008 250425c1998 xo 0 slo
015 |a SNBRA1998/04-11408 
035 |a CLN000011471 
035 |a urn:nbn:sk:snk-abhyp 
035 |a (urnnbn)urn:nbn:sk:snk:ar-a03uje 
035 |a (uuid)45e1867a-ca15-4761-a66b-1f5c14da6626 
040 |a SNKBUCL  |b slo  |c SNKBUCL  |e AACR2 
041 0 |a eng 
044 |a xo  |c SK 
080 |a 624.21.042.4  |2 1997 
080 |a 625.745.11  |2 1997 
080 |a 624.042.4  |2 1997 
100 1 |a Pirner, Miroš,  |d 1928-  |4 aut  |9 183937 
245 1 0 |a Wind effects on a footbridge  |c M. Pirner, S. Pospíšil, S. Urushadze 
300 |b Obr., tab. 
504 |a Bibliogr. odkazy 
650 0 7 |a mosty pre chodcov  |2 SNKPH  |9 112699 
650 0 7 |a zaťaženie vetrom  |2 SNKPH  |9 51002 
655 7 |a články z novín a časopisov  |2 SNK  |9 267496 
700 1 |a Pospíšil, S.  |4 aut  |9 823189 
700 1 |a Urushadze, S.  |4 aut  |9 784607 
773 0 |t Building research journal  |g Roč. 46, č. 1 (1998), s. 3-21 
850 |a Slovenská národná knižnica 
852 |a Slovenská národná knižnica 
958 |a article27 
958 |a NB 
958 |a OND 
958 |a EUIPO 
992 |a RBX 
999 |c 2818631  |d 2820561